Normal view MARC view

Entry Geographic Name

Number of records used in: 1

001 - CONTROL NUMBER

  • control field: 16506

003 - CONTROL NUMBER IDENTIFIER

  • control field: TZ-ArACH

005 - DATE AND TIME OF LATEST TRANSACTION

  • control field: 20150422141417.0

008 - FIXED-LENGTH DATA ELEMENTS

  • fixed length control field: 150422|||a|||||| | ||| d

040 ## - CATALOGING SOURCE

  • Original cataloging agency: TZ-ArACH
  • Transcribing agency: TZ-ArACH

151 ## - HEADING--GEOGRAPHIC NAME

  • Geographic name: France
  • General subdivision: History
  • Chronological subdivision: Revolution, 1789-1799
  • General subdivision: Social aspects
  • General subdivision: Sources.

670 ## - SOURCE DATA FOUND

  • Source citation: Work cat.: (TZ-ArACH)2518: French Revolution and human rights : a brief documentary history, ©1996.

670 ## - SOURCE DATA FOUND

  • Source citation: Work cat.: (TZ-ArACH)2518: French Revolution and human rights : a brief documentary history, ©1996.

African Court on Human and Peoples' Rights | For Inquiries Contact » +255 272 510 510